00267nam a2200109Ia 4500008004100000245004800041260001600089440000600105521002200111942000700133999001700140140130s9999 xx 000 0 und d cRoyston, AngelaaInsect and crawly creature bScholastic, v1 aGrade 3 - Grade 4 cBK c40982d40982